[Event "Crewe Alexandra op"]
[Site "Crewe Alexandra"]
[Date "2025.06.27"]
[Round "2"]
[White "Lampard, Alice"]
[Black "Potter, John M"]
[Result "0-1"]
[WhiteElo "1827"]
[BlackElo "2007"]
[PlyCount "104"]
[EventDate "2025.06.27"]
[EventType "swiss"]
[EventRounds "5"]
[EventCountry "ENG"]
[SourceTitle "CB27_2025"]
[SourceDate "2025.07.02"]
[SourceVersion "1"]
[SourceVersionDate "2025.07.02"]
[SourceQuality "1"]

1. d4 Nf6 2. c4 g6 3. Nc3 Bg7 4. e4 d6 5. Be2 0-0 6. Be3 Nc6 7. d5 Nb8 8. Qc2 e6 9. h3 c5 10. Nf3 exd5 11. cxd5 a6 12. a4 Re8 13. Nd2 Nbd7 14. 0-0 b6 15. Rfe1 Bb7 16. Bc4 h6 17. Bf4 Ne5 18. Be2 Nfd7 19. Bh2 g5 20. Ra3 Nf8 21. Nf1 Nfg6 22. Ne3 Bc8 23. Nb1 Bd7 24. Nc3 Nf4 25. Nc4 Nxc4 26. Bxc4 Be5 27. Ne2 b5 28. Nxf4 gxf4 29. Be2 bxa4 30. Qd2 Qg5 31. Rf3 Rab8 32. Bxf4 Bxf4 33. Qxf4 Qxf4 34. Rxf4 Rxb2 35. Bh5 Re7 36. Ra1 Kg7 37. e5 dxe5 38. Rc4 Bb5 39. Rxc5 Rd2 40. Bg4 e4 41. Ra3 Rd3 42. Ra1 Re5 43. Rc7 Rdxd5 44. f4 Rc5 45. Rb7 Re8 46. Rd1 a3 47. Ra1 e3 48. Rxa3 e2 49. Bxe2 Rxe2 50. Rg3+ Kf6 51. Ra3 Rc1+ 52. Kh2 Bc6 0-1

[Event "Daventry 4NCL Easter op"]
[Site "Daventry"]
[Date "2025.04.20"]
[Round "5"]
[White "Potter, John M"]
[Black "Gunarathne, Senith Thenula"]
[Result "1/2-1/2"]
[WhiteElo "2033"]
[BlackElo "1971"]
[PlyCount "102"]
[EventDate "2025.04.18"]
[EventType "swiss"]
[EventRounds "7"]
[EventCountry "ENG"]
[SourceTitle "CB17_2025"]
[SourceDate "2025.04.23"]
[SourceVersion "1"]
[SourceVersionDate "2025.04.23"]
[SourceQuality "1"]

1. e4 c5 2. Nf3 d6 3. d4 cxd4 4. Nxd4 Nf6 5. Nc3 a6 6. Qf3 g6 7. h3 Bg7 8. Be3 0-0 9. 0-0-0 Bd7 10. Kb1 Nc6 11. Nd5 b5 12. Nxc6 Bxc6 13. Bb6 Qd7 14. Bd4 Qb7 15. Nxf6+ exf6 16. Bxf6 Bxe4 17. Qf4 Rac8 18. Bd3 Bxd3 19. Rxd3 Qxg2 20. Rhd1 Rc4 21. Qf3 Qxf3 22. Rxf3 Re4 23. a4 Rc8 24. Bxg7 Kxg7 25. Rxd6 Re1+ 26. Ka2 Rxc2 27. axb5 axb5 28. Rd7 Ree2 29. Rfxf7+ Kg8 30. Rg7+ Kf8 31. Rxh7 Rxb2+ 32. Ka3 Kg8 33. Rdg7+ Kf8 34. Rb7 Kg8 35. Rhg7+ Kh8 36. f4 Rf2 37. Rh7+ Kg8 38. Rbg7+ Kf8 39. Rf7+ Kg8 40. Rhg7+ Kh8 41. Rxg6 b4+ 42. Ka4 b3 43. Rg4 Rb1 44. Kb4 Re2 45. Rf8+ Kh7 46. Rf7+ Kh8 47. Rf5 Re7 48. Rh5+ Rh7 49. Rxh7+ Kxh7 50. Kc3 Kh6 51. Rg3 Rf1 1/2-1/2

[Event "Hull 4NCL op"]
[Site "Hull"]
[Date "2024.09.07"]
[Round "3"]
[White "Potter, John M"]
[Black "Sheppard, Derek Alan"]
[Result "1/2-1/2"]
[WhiteElo "2002"]
[BlackElo "1801"]
[PlyCount "55"]
[EventDate "2024.09.06"]
[EventType "swiss"]
[EventRounds "5"]
[EventCountry "ENG"]
[SourceTitle "EXT 2025"]
[Source "ChessBase"]
[SourceDate "2024.10.14"]
[SourceVersion "1"]
[SourceVersionDate "2024.10.14"]
[SourceQuality "1"]

1. e4 e6 2. Nc3 d5 3. Nf3 dxe4 4. Nxe4 Nd7 5. d4 Ngf6 6. Bg5 Be7 7. Bxf6 Nxf6 8. Bd3 0-0 9. 0-0 Nxe4 10. Bxe4 c5 11. dxc5 Bxc5 12. Qxd8 Rxd8 13. Rfd1 Rxd1+ 14. Rxd1 Be7 15. Ne5 f5 16. Bd3 Bf6 17. f4 Bxe5 18. fxe5 Kf7 19. Bc4 Ke7 20. Kf2 Bd7 21. Ke3 g5 22. g3 Rc8 23. Bb3 a5 24. a4 Rc5 25. Kd4 b6 26. Rd3 Bc6 27. Rc3 Rxc3 28. Kxc3 1/2-1/2

[Event "Hull 4NCL op"]
[Site "Hull"]
[Date "2024.09.07"]
[Round "2"]
[White "Potter, John M"]
[Black "Turner, Max N"]
[Result "1/2-1/2"]
[WhiteElo "2002"]
[BlackElo "2257"]
[PlyCount "137"]
[EventDate "2024.09.06"]
[EventType "swiss"]
[EventRounds "5"]
[EventCountry "ENG"]
[SourceTitle "EXT 2025"]
[Source "ChessBase"]
[SourceDate "2024.10.14"]
[SourceVersion "1"]
[SourceVersionDate "2024.10.14"]
[SourceQuality "1"]

1. e4 c6 2. Nc3 d5 3. Nf3 Bg4 4. h3 Bxf3 5. Qxf3 e6 6. d3 Nd7 7. Bd2 Qb6 8. 0-0-0 Bd6 9. g4 Ne7 10. h4 a5 11. Bh3 a4 12. g5 a3 13. b3 Ne5 14. Qe2 N5g6 15. h5 Nf4 16. Qf3 Qd4 17. Bg4 Bb4 18. Qxf4 Bxc3 19. Be3 Qb4 20. exd5 Qxf4 21. Bxf4 Nxd5 22. Bd2 Ke7 23. Rde1 Ra5 24. Rhg1 Rc5 25. Re4 Rd8 26. Rc4 Rxc4 27. bxc4 Bb2+ 28. Kd1 Nc3+ 29. Bxc3 Bxc3 30. Ke2 g6 31. Rb1 Bb2 32. c3 gxh5 33. Bxh5 Rg8 34. f4 h6 35. gxh6 Rh8 36. Kd2 Rxh6 37. Rh1 b6 38. Bf3 Rxh1 39. Bxh1 c5 40. Bf3 Kf6 41. Bh5 Kg7 42. Kc2 f5 43. Kd2 Kf6 44. Be8 e5 45. fxe5+ Kxe5 46. Bd7 Kf4 47. Bc8 Kg5 48. Bd7 f4 49. Ke2 Bxc3 50. Kf3 Bd2 51. Bc8 Kf6 52. Ke4 Be3 53. Bg4 Kg5 54. Kf3 Kh4 55. Bd7 Kg5 56. Bg4 Kf6 57. Ke4 Ke7 58. Kd5 Bd2 59. Ke4 Kd6 60. Bd1 Be3 61. Ba4 Kc7 62. Bb5 Kb7 63. Kf3 Kc7 64. Ke4 Kd6 65. Ba4 b5 66. cxb5 Kc7 67. Bb3 Kb6 68. Bc4 Bd2 69. Kf3 1/2-1/2

[Event "Southend Easter op 64th"]
[Site "Southend"]
[Date "2022.04.16"]
[Round "3"]
[White "Potter, John M"]
[Black "Kesterson, Kennan"]
[Result "1-0"]
[WhiteElo "2055"]
[BlackElo "1829"]
[PlyCount "57"]
[EventDate "2022.04.15"]
[EventType "swiss"]
[EventRounds "7"]
[EventCountry "ENG"]
[SourceTitle "CBM 207 Extra"]
[Source "ChessBase"]
[SourceDate "2022.05.31"]
[SourceVersion "1"]
[SourceVersionDate "2022.05.31"]
[SourceQuality "1"]

1. e4 c5 2. Nc3 g6 3. g3 Nc6 4. Bg2 Bg7 5. d3 e6 6. Be3 d6 7. Qd2 Nge7 8. Bh6 0-0 9. h4 f5 10. Bxg7 Kxg7 11. h5 Rh8 12. Nge2 Nd4 13. hxg6 hxg6 14. 0-0-0 Bd7 15. Rxh8 Qxh8 16. Rh1 Qg8 17. Nf4 Rb8 18. exf5 Ndxf5 19. g4 Nd4 20. Ne4 Qf7 21. Nxe6+ Qxe6 22. Qh6+ Kf7 23. Ng5+ Ke8 24. Nxe6 Bxe6 25. c3 Ndc6 26. Bxc6+ bxc6 27. Qh8+ Bg8 28. Qg7 Bd5 29. Rh8+ 1-0